Mihin kieleen vihje viittaa? #2 - Statistics

Yleistilastot
  • Tätä visaa on pelattu 65 kertaa
  • Keskiarvotulos 9 / 17
Vastaustilastot
Vihje Kieli % Oikein
Tätä puhuu toisena kielenä yli miljardi ihmistä englanti
93%
Koraanin kieli arabia
88%
Oopperan ykköskieli italia
86%
"Ruma ankanpoikanen" ja "Pieni merenneito" kirjoitettiin tällä kielellä tanska
77%
Etelä-Afrikassa puhuttu kieli, pohjautuu hollantiin afrikaans
72%
Eniten slovakkia muistuttava kieli tšekki
60%
Maailman puhutuin kansainvälinen apukieli, kehitetty vuonna 1887 esperanto
53%
Tunnetaan myös nimellä kastilia espanja
51%
Myanmarin virallinen kieli burma
49%
Sen variantteihin kuuluvat attikalainen, doorilainen ja joonialainen murre muinaiskreikka
49%
Sitä puhutaan Espanjassa ja Ranskassa, eikä se tiettävästi ole sukua millekään muulle tunnetulle kielelle baski
42%
Kahdessa maassa puhutaan tätä kieltä. Toisessa sitä kutsutaan nimellä Hangugeo, toisessa nimellä Chosŏnŏ korea
37%
Kambodžan virallinen kieli khmer
33%
Yhdysvaltojen armeija värväsi toisen maailmansodan aikana palvelukseensa tämän kielen puhujia käyttämään salakielistä koodia navajo
30%
Hindulaisuuden pyhä kieli, jota nykyisin ei kukaan puhu äidinkielenään sanskrit
30%
Hindustanin variantti, Pakistanin virallinen kieli urdu
30%
Tämän kielen sanoja ovat chutzpah, klutz ja schmooze jiddiš
28%
Ehtoja vastaavia visoja ei löytynyt
Tulosjakauma
Jokaisen tuloksen saaneiden osuus
Persentiili vastausten määrän mukaan
Tuloshistoriasi
Et ole pelannut tätä visaa